000
00253nam a22001217a 4500
003
SGT
082
_a
954.042
_b
KAS
100
_a
KASHYAP SUBHASH .C
245
_a
OUR CONSTITUTION
260
_a
INDIA
_b
NBT PUB
_c
2010
300
_a
416
942
_2
ddc
_c
BK
999
_c
33499
_d
33499